|
|
|
|
| LEADER |
00000cam a22000002c 4500 |
| 001 |
1866158260 |
| 003 |
DE-627 |
| 005 |
20250124054900.0 |
| 007 |
cr uuu---uuuuu |
| 008 |
231018s2008 xx |||||o 00| ||eng c |
| 035 |
|
|
|a (DE-627)1866158260
|
| 035 |
|
|
|a (DE-599)KXP1866158260
|
| 040 |
|
|
|a DE-627
|b ger
|c DE-627
|e rda
|
| 041 |
|
|
|a eng
|
| 084 |
|
|
|a 2,1
|2 ssgn
|
| 100 |
1 |
|
|a Koehler, Jonathan J.
|e VerfasserIn
|4 aut
|
| 109 |
|
|
|a Koehler, Jonathan J.
|a Koehler, Jonathan
|
| 245 |
1 |
4 |
|a The Individualization Fallacy in Forensic Science Evidence
|
| 264 |
|
1 |
|c 2008
|
| 336 |
|
|
|a Text
|b txt
|2 rdacontent
|
| 337 |
|
|
|a Computermedien
|b c
|2 rdamedia
|
| 338 |
|
|
|a Online-Ressource
|b cr
|2 rdacarrier
|
| 520 |
|
|
|a Forensic identification science involves two fundamental steps. The first step is to compare a questioned item of evidence to an exemplar from a known source and judge whether they appear so alike that they can be said to match. The second step is to assess the meaning of that reported match: What is the probability that the questioned and the known originated from the same source? Different risks of error are present at each step. The risk of error in the first step is that a reported match between a questioned and a known sample might not really match. Even if the method used to compare questioned and known samples were flawless, an error could occur if, for example, one of the samples had been mislabeled or mixed up with a different sample. The risk of error associated with the second step is that, while accurate, the reported match may have arisen through coincidence and not because the samples share a common source. The risks of error at both steps affect the ultimate inferences that can be drawn about the identification evidence in a case. Both risks are subjects of far too little research. As to the first step, existing standards and procedures do not provide sufficient protection from erroneous conclusions that two marks are indistinguishably alike-that is, that they match when in fact they differ. Few, if any, criminalistics subfields have objective standards for deciding whether two patterns match
|
| 700 |
1 |
|
|a Saks, Michael J.
|e VerfasserIn
|4 aut
|
| 856 |
4 |
0 |
|u https://core.ac.uk/download/230476064.pdf
|x Verlag
|z kostenfrei
|3 Volltext
|7 0
|
| 935 |
|
|
|a mkri
|
| 951 |
|
|
|a BO
|
| ELC |
|
|
|a 1
|
| LOK |
|
|
|0 000 xxxxxcx a22 zn 4500
|
| LOK |
|
|
|0 001 4391839024
|
| LOK |
|
|
|0 003 DE-627
|
| LOK |
|
|
|0 004 1866158260
|
| LOK |
|
|
|0 005 20231018043727
|
| LOK |
|
|
|0 008 231018||||||||||||||||ger|||||||
|
| LOK |
|
|
|0 035
|a (DE-2619)CORE68450854
|
| LOK |
|
|
|0 040
|a DE-2619
|c DE-627
|d DE-2619
|
| LOK |
|
|
|0 092
|o n
|
| LOK |
|
|
|0 852
|a DE-2619
|
| LOK |
|
|
|0 852 1
|9 00
|
| LOK |
|
|
|0 935
|a core
|
| LOK |
|
|
|0 939
|a 18-10-23
|b l01
|
| OAS |
|
|
|a 1
|
| ORI |
|
|
|a SA-MARC-krimdoka001.raw
|